00301nam a2200121Ia 4500008004100000082001500041100001600056245003600072250000800108260004000116300000800156650001500164191201s1981 xx 000 0 und d a677.6bHAF aHANCOX, N L 0aFibrecompasite Hybrid materials a1st aN.DelhibMacmillan Publishersc1981 a290 aB.Tech(TE)